| 000 | 00496nam a22001937a 4500 | ||
|---|---|---|---|
| 003 | CEME | ||
| 005 | 20210628201654.0 | ||
| 008 | 210215b xxu||||| |||| 00| 0 eng d | ||
| 020 | _a0-201-43569-1 | ||
| 040 | _c. | ||
| 082 | _a005.133-C STR | ||
| 100 |
_aAddison Wesley _956284 |
||
| 245 | _aThe c plus plus programming language | ||
| 250 | _a3RD | ||
| 260 |
_aNEW YORK _bADDISON WESLEY _c1997 |
||
| 300 | _aIV,910P | ||
| 650 |
_aC PLUS PLUS PROGRAMMING LANGUAGE _956285 |
||
| 942 |
_cBK _2ddc |
||
| 999 |
_c566748 _d566748 |
||